[Event "Kaupthing op-A 1st"]
[Site "Differdange"]
[Date "2007.07.11"]
[Round "6"]
[White "Ristic, Alexandre"]
[Black "Zozulia, Anna"]
[Result "0-1"]
[WhiteElo "2094"]
[BlackElo "2328"]
[PlyCount "72"]
[EventDate "2007.07.07"]
[EventType "swiss"]
[EventRounds "9"]
[EventCountry "LUX"]
[SourceTitle "CBM 119 Extra"]
[Source "ChessBase"]
[SourceDate "2007.09.04"]
[SourceVersion "1"]
[SourceVersionDate "2007.09.04"]
[SourceQuality "1"]

1. Nf3 Nf6 2. g3 g6 3. Bg2 Bg7 4. 0-0 0-0 5. d3 d5 6. Re1 c5 7. Nbd2 Nc6 8. e4 dxe4 9. dxe4 b6 10. c3 e6 11. h4 Bb7 12. Nh2 Ne5 13. f4 Nd3 14. Re3 e5 15. Qc2 Nxc1 16. Rxc1 exf4 17. gxf4 Nh5 18. Rf1 Qxh4 19. Rh3 Qe7 20. Rf2 Rad8 21. f5 Rd7 22. Ndf1 Re8 23. Qa4 Red8 24. Ng4 Nf6 25. Nxf6+ Bxf6 26. Ne3 Bg5 27. Ng4 Rd1+ 28. Kh2 h5 29. f6 Qc7+ 30. e5 hxg4 31. Qxg4 Qxe5+ 32. Rg3 Bxg2 33. Kxg2 Qe1 34. Qh3 Qg1+ 35. Kf3 R1d3+ 36. Kg4 Qxf2 0-1

[Event "Paris Apsap op 55th"]
[Site "Paris"]
[Date "2002.??.??"]
[Round "6"]
[White "Delort, Frederic"]
[Black "Ristic, Alexandre"]
[Result "1-0"]
[WhiteElo "2124"]
[BlackElo "2139"]
[PlyCount "81"]
[EventDate "2002.08.26"]
[EventType "swiss"]
[EventRounds "9"]
[EventCountry "FRA"]
[SourceTitle "EXT 2004"]
[Source "ChessBase"]
[SourceDate "2003.11.25"]
[SourceVersion "1"]
[SourceVersionDate "2003.11.25"]
[SourceQuality "1"]

1. d4 f5 2. Nc3 Nf6 3. Bg5 c6 4. Qd3 d5 5. f3 Na6 6. Nh3 Nb4 7. Qd2 Be6 8. Nf4 Bf7 9. e3 h6 10. Bxf6 exf6 11. h3 Bd6 12. g4 g5 13. Nd3 Bg3+ 14. Nf2 Qe7 15. 0-0-0 fxg4 16. hxg4 Bxf2 17. Qxf2 Bg6 18. e4 0-0-0 19. a3 Na6 20. Bxa6 bxa6 21. Qe2 Qb7 22. exd5 Rd6 23. dxc6 Rxc6 24. d5 Rb6 25. Na4 Rd6 26. Nc5 Qb8 27. Nxa6 Qb6 28. Nb4 Bf7 29. Rhe1 Re8 30. Qc4+ Kd7 31. Rxe8 Kxe8 32. Qe4+ Kf8 33. Nc6 Rd7 34. c4 Qc5 35. Kb1 Kg7 36. Nd4 Rb7 37. Nf5+ Kf8 38. d6 Rd7 39. Qa8+ Be8 40. Re1 Rxd6 41. Qxe8# 1-0

[Event "FRA-chTA 9697"]
[Site "France"]
[Date "1997.??.??"]
[Round "4"]
[White "Ristic, Alexandre"]
[Black "Cohen, Aron"]
[Result "1-0"]
[WhiteElo "2160"]
[BlackElo "2140"]
[PlyCount "73"]
[EventDate "1997.??.??"]
[EventType "team"]
[EventRounds "7"]
[EventCountry "FRA"]
[SourceTitle "EXT 1999"]
[Source "ChessBase"]
[SourceDate "1998.11.16"]
[SourceVersion "1"]
[SourceVersionDate "1998.11.16"]
[SourceQuality "1"]

1. e4 c5 2. Nf3 e6 3. d3 Nc6 4. g3 d6 5. Bg2 Nf6 6. 0-0 g6 7. Re1 Bg7 8. Nbd2 0-0 9. Nf1 Qc7 10. c3 Rb8 11. a4 a6 12. h4 b5 13. axb5 axb5 14. N1h2 b4 15. Bg5 bxc3 16. bxc3 Nd7 17. d4 e5 18. d5 Na5 19. Be7 Re8 20. Bxd6 Qxd6 21. Rxa5 Rb2 22. Nd2 Nb6 23. Qc1 Rxd2 24. Qxd2 Nc4 25. Qa2 Nxa5 26. Qxa5 f5 27. Rb1 fxe4 28. Bxe4 Bf8 29. Rb6 Qd8 30. Nf3 Bd6 31. Qa7 Re7 32. Qa8 Qc7 33. Rxd6 Qxd6 34. Qxc8+ Kg7 35. Ng5 Qf6 36. Qxc5 Rb7 37. Ne6+ 1-0

[Event "Cannes Martinez op"]
[Site "Cannes"]
[Date "1996.??.??"]
[Round "7"]
[White "Colovic, Aleksandar"]
[Black "Ristic, Alexandre"]
[Result "1-0"]
[WhiteElo "2285"]
[BlackElo "2170"]
[PlyCount "73"]
[EventDate "1996.08.??"]
[EventType "swiss"]
[EventRounds "9"]
[EventCountry "FRA"]
[SourceTitle "EXT 1998"]
[Source "ChessBase"]
[SourceDate "1997.11.17"]
[SourceVersion "1"]
[SourceVersionDate "1997.11.17"]
[SourceQuality "1"]

1. e4 d6 2. d4 Nf6 3. Nc3 g6 4. f4 Bg7 5. Nf3 c5 6. dxc5 Qa5 7. Bd3 Qxc5 8. Qe2 0-0 9. Be3 Qb4 10. 0-0 Qxb2 11. Nb5 Ne8 12. a3 Qf6 13. e5 Qe6 14. Bc4 Qg4 15. Qf2 Nc6 16. h3 Qd7 17. Rad1 a6 18. Nc3 b5 19. Ba2 Rb8 20. Ng5 e6 21. Nce4 d5 22. Nxh7 Kxh7 23. Ng5+ Kg8 24. Qh4 Bh6 25. Qxh6 f6 26. Bc5 Qg7 27. Bxf8 Kxf8 28. Qxg7+ Kxg7 29. exf6+ Nxf6 30. Rde1 Nd8 31. c4 bxc4 32. Bxc4 Rb6 33. Bd3 Bd7 34. Rb1 Rxb1 35. Rxb1 Ne8 36. Rb8 Nc6 37. Rb7 1-0

[Event "Cannes Martinez op"]
[Site "Cannes"]
[Date "1996.??.??"]
[Round "9"]
[White "Ristic, Alexandre"]
[Black "Vasilescu, Florian"]
[Result "1-0"]
[WhiteElo "2170"]
[BlackElo "2010"]
[PlyCount "81"]
[EventDate "1996.08.??"]
[EventType "swiss"]
[EventRounds "9"]
[EventCountry "FRA"]
[SourceTitle "EXT 1998"]
[Source "ChessBase"]
[SourceDate "1997.11.17"]
[SourceVersion "1"]
[SourceVersionDate "1997.11.17"]
[SourceQuality "1"]

1. e4 c5 2. Nf3 e6 3. d3 Nc6 4. g3 g6 5. Bg2 Bg7 6. 0-0 Nge7 7. Nbd2 0-0 8. Re1 d6 9. a4 e5 10. c3 h6 11. Nc4 b6 12. Nfd2 Rb8 13. Ne3 Be6 14. Nd5 Qd7 15. Nc4 Bg4 16. f3 Be6 17. Qb3 Na5 18. Qb5 Nxd5 19. exd5 Qxb5 20. axb5 Bxd5 21. Nxa5 bxa5 22. Rxa5 Be6 23. f4 Bf5 24. Bf1 Rb7 25. fxe5 dxe5 26. Be3 Rfb8 27. Bxc5 Rxb5 28. Rxb5 Rxb5 29. b4 a5 30. d4 Rxc5 31. bxc5 exd4 32. c6 dxc3 33. c7 Kf8 34. Bb5 Bd4+ 35. Kg2 Kg7 36. Re8 c2 37. c8Q Bb2 38. Rg8+ Kh7 39. Qe8 Be6 40. Bd3 c1Q 41. Bxg6+ 1-0

[Event "FRA-ch op FIDE"]
[Site "Paris"]
[Date "1994.??.??"]
[Round "6"]
[White "Neiman, Emmanuel"]
[Black "Ristic, Alexandre"]
[Result "1-0"]
[WhiteElo "2255"]
[BlackElo "2060"]
[PlyCount "83"]
[EventDate "1994.??.??"]
[EventType "swiss"]
[EventRounds "9"]
[EventCountry "FRA"]
[SourceTitle "EXT 1998"]
[Source "ChessBase"]
[SourceDate "1997.11.17"]
[SourceVersion "1"]
[SourceVersionDate "1997.11.17"]
[SourceQuality "1"]

1. Nf3 d6 2. e4 Nf6 3. Nc3 g6 4. d4 Bg7 5. h3 0-0 6. Be3 c6 7. a4 a5 8. Be2 e5 9. 0-0 Nbd7 10. dxe5 dxe5 11. Nd2 Qe7 12. Nc4 Rd8 13. Qd6 Bf8 14. Rfd1 Ne8 15. Qd2 Ng7 16. Nb6 Rb8 17. Na2 Ne6 18. Qxa5 Nf4 19. Bf1 Nf6 20. Rxd8 Qxd8 21. Qxe5 Be6 22. Qxf4 Bd6 23. e5 Nh5 24. Qd4 Bc7 25. Qxd8+ Rxd8 26. Bc4 Bxe5 27. Bxe6 fxe6 28. Nc4 Bf4 29. Nc3 Bxe3 30. Nxe3 Nf4 31. Rd1 Nd5 32. Ncxd5 exd5 33. c3 Ra8 34. Rd4 Kf7 35. Rb4 Ra7 36. Rb6 h5 37. a5 Rxa5 38. Rxb7+ Ke6 39. Rg7 Kf6 40. Rc7 Rc5 41. b4 Rxc3 42. Nxd5+ 1-0

[Event "FRA-ch op FIDE"]
[Site "Paris"]
[Date "1994.??.??"]
[Round "5"]
[White "Ristic, Alexandre"]
[Black "Wallyn, Alexandre"]
[Result "1-0"]
[WhiteElo "2060"]
[BlackElo "2240"]
[PlyCount "83"]
[EventDate "1994.??.??"]
[EventType "swiss"]
[EventRounds "9"]
[EventCountry "FRA"]
[SourceTitle "EXT 1998"]
[Source "ChessBase"]
[SourceDate "1997.11.17"]
[SourceVersion "1"]
[SourceVersionDate "1997.11.17"]
[SourceQuality "1"]

1. e4 e6 2. d3 d5 3. Nd2 Nf6 4. Ngf3 c5 5. g3 Nc6 6. Bg2 Be7 7. 0-0 0-0 8. e5 Nd7 9. Re1 b5 10. h4 a5 11. Nf1 b4 12. h5 Ra6 13. h6 g6 14. N1h2 a4 15. Ng4 a3 16. b3 Na7 17. Bf4 Nb5 18. Qd2 Bb7 19. Bg5 Bxg5 20. Nxg5 Nd4 21. Rac1 Qe7 22. Qf4 f6 23. exf6 Nxf6 24. Nxf6+ Rxf6 25. Qb8+ Rf8 26. Qe5 Rf5 27. Qb8+ Rf8 28. Qe5 Nf5 29. f4 Re8 30. Bh3 Nd4 31. Bg4 Bc8 32. c3 bxc3 33. Rxc3 Rc6 34. Rec1 Bd7 35. Kg2 Rec8 36. Re1 Re8 37. Rcc1 Qf8 38. b4 Qxh6 39. Rh1 Qg7 40. Qxg7+ Kxg7 41. Rxh7+ Kg8 42. Rch1 1-0

[Event "Metz op 10th"]
[Site "Metz"]
[Date "1992.??.??"]
[Round "?"]
[White "Ristic, Alexandre"]
[Black "Adrian, Claude"]
[Result "0-1"]
[WhiteElo "1940"]
[BlackElo "2295"]
[PlyCount "60"]
[EventDate "1992.03.??"]
[EventType "swiss"]
[EventRounds "9"]
[EventCountry "FRA"]
[SourceTitle "EXT 2007"]
[Source "ChessBase"]
[SourceDate "2006.11.23"]
[SourceVersion "1"]
[SourceVersionDate "2006.11.23"]
[SourceQuality "1"]

1. e4 c5 2. Nf3 Nc6 3. d3 e6 4. g3 d5 5. Nbd2 Nf6 6. Bg2 Be7 7. 0-0 b6 8. Re1 Bb7 9. c3 dxe4 10. dxe4 0-0 11. e5 Nd5 12. Qe2 Qc7 13. h4 Rfd8 14. Nh2 Rac8 15. Ndf3 c4 16. Ng5 h6 17. Nh3 b5 18. Qh5 Bf8 19. Bxd5 Rxd5 20. Ng4 Nxe5 21. Nxe5 f6 22. Qg4 Rxe5 23. Bxh6 f5 24. Qg6 Qc6 25. f3 Qxf3 26. Nf4 Qh1+ 27. Kf2 Bc5+ 28. Re3 Bxe3+ 29. Ke2 Bxf4+ 30. Kf2 Qg2# 0-1

[Event "Metz op 10th"]
[Site "Metz"]
[Date "1992.??.??"]
[Round "?"]
[White "Ristic, Alexandre"]
[Black "Pirrot, Dieter"]
[Result "1/2-1/2"]
[WhiteElo "1940"]
[BlackElo "2370"]
[PlyCount "102"]
[EventDate "1992.03.??"]
[EventType "swiss"]
[EventRounds "9"]
[EventCountry "FRA"]
[SourceTitle "EXT 2007"]
[Source "ChessBase"]
[SourceDate "2006.11.23"]
[SourceVersion "1"]
[SourceVersionDate "2006.11.23"]
[SourceQuality "1"]

1. e4 c5 2. Nf3 Nc6 3. d3 g6 4. g3 Bg7 5. Bg2 d6 6. 0-0 e5 7. c3 Nge7 8. a4 0-0 9. Nfd2 Be6 10. Na3 f5 11. Ndc4 d5 12. exd5 Bxd5 13. Bxd5+ Qxd5 14. Ne3 Qe6 15. Ng2 Rad8 16. Qc2 Qd5 17. Be3 b6 18. Rad1 Qf3 19. Rfe1 f4 20. Bc1 g5 21. Nc4 Kh8 22. Rd2 Qh5 23. Qd1 g4 24. Re4 Ng6 25. h4 Rf6 26. Qe1 Rdf8 27. Rd1 h6 28. b3 Kh7 29. Ba3 fxg3 30. fxg3 Rf3 31. Nce3 Nge7 32. Bb2 Nf5 33. Nxf5 Qxf5 34. Ne3 Qf7 35. Nxg4 Qxb3 36. Rd2 h5 37. Nh2 R3f5 38. Qe2 Bh6 39. Rc2 Qf7 40. Kg2 Qg6 41. Kh3 Rg8 42. g4 Rf4 43. Bc1 hxg4+ 44. Nxg4 Qxg4+ 45. Qxg4 Rgxg4 46. Bxf4 Rxf4 47. Rxf4 Bxf4 48. Kg4 Ne7 49. Kf3 Nf5 50. Ke4 Nxh4 51. a5 bxa5 1/2-1/2

[Event "Metz op 09th"]
[Site "Metz"]
[Date "1991.??.??"]
[Round "2"]
[White "Ristic, Alexandre"]
[Black "Crouch, Colin S"]
[Result "0-1"]
[WhiteElo "1950"]
[BlackElo "2315"]
[PlyCount "42"]
[EventDate "1991.04.23"]
[EventType "swiss"]
[EventRounds "9"]
[EventCountry "FRA"]
[SourceTitle "EXT 2004"]
[Source "ChessBase"]
[SourceDate "2003.11.25"]
[SourceVersion "1"]
[SourceVersionDate "2003.11.25"]
[SourceQuality "1"]

1. e4 e6 2. d4 d5 3. Nd2 Nf6 4. e5 Nfd7 5. f4 c5 6. c3 cxd4 7. cxd4 Nc6 8. Ndf3 f5 9. h4 Be7 10. Bd3 Nb6 11. Ne2 Kd7 12. a3 Kc7 13. b4 Kb8 14. Qb3 a5 15. Ng5 Qc7 16. Nc3 Nxd4 17. Qb2 axb4 18. Nxd5 Nxd5 19. Qxd4 bxa3 20. Bxf5 Rd8 21. Bg4 Nb4 0-1